<?xml version="1.0" encoding="UTF-8"?><?xml-stylesheet type="text/xsl" href="static/style.xsl"?><OAI-PMH xmlns="http://www.openarchives.org/OAI/2.0/" xmlns:xsi="http://www.w3.org/2001/XMLSchema-instance" xsi:schemaLocation="http://www.openarchives.org/OAI/2.0/ http://www.openarchives.org/OAI/2.0/OAI-PMH.xsd"><responseDate>2026-04-17T04:04:54Z</responseDate><request verb="GetRecord" identifier="oai:www.recercat.cat:2099.1/14795" metadataPrefix="marc">https://recercat.cat/oai/request</request><GetRecord><record><header><identifier>oai:recercat.cat:2099.1/14795</identifier><datestamp>2025-07-23T02:28:36Z</datestamp><setSpec>com_2072_1033</setSpec><setSpec>col_2072_452951</setSpec></header><metadata><record xmlns="http://www.loc.gov/MARC21/slim" xmlns:dcterms="http://purl.org/dc/terms/" xmlns:xsi="http://www.w3.org/2001/XMLSchema-instance" xmlns:doc="http://www.lyncode.com/xoai" xsi:schemaLocation="http://www.loc.gov/MARC21/slim http://www.loc.gov/standards/marcxml/schema/MARC21slim.xsd">
   <leader>00925njm 22002777a 4500</leader>
   <datafield ind2=" " ind1=" " tag="042">
      <subfield code="a">dc</subfield>
   </datafield>
   <datafield ind2=" " ind1=" " tag="720">
      <subfield code="a">Campayo Sumalla, Tania</subfield>
      <subfield code="e">author</subfield>
   </datafield>
   <datafield ind2=" " ind1=" " tag="260">
      <subfield code="c">2010</subfield>
   </datafield>
   <datafield ind2=" " ind1=" " tag="520">
      <subfield code="a">The biocatalyst horseradish peroxidase (HRP) was successfully immobilized onto magnetic nanoparticles by the glutaraldehyde method. The influence of pH medium, ionic strength, the initial protein concentration, temperature and the effect of the functional&#xd;
additive pentaethylenehexanamine on HRP immobilization were studied. The study&#xd;
consisted in seeking for the optimal conditions at which the binding efficiency and the activity of the immobilized horseradish peroxidise were the highest. The results showed that the highest immobilization yield, nearly 60 %, was attained at pH 4.0. It was found that the variation of ionic strength directly affected the HRP immobilization. The enzyme&#xd;
was immobilized at the optimal conditions with the final residual activity of 80 %. However, the enzyme attached onto functionalized magnetic support and additionally coimmobilized with the functional additive, showed better hydrogene peroxide tolerance than the immobilized enzyme without the pentaethylenehexanamine, respectively.</subfield>
   </datafield>
   <datafield ind2=" " ind1=" " tag="520">
      <subfield code="a">Outgoing</subfield>
   </datafield>
   <datafield tag="653" ind2=" " ind1=" ">
      <subfield code="a">Àrees temàtiques de la UPC::Enginyeria química::Química orgànica::Bioquímica</subfield>
   </datafield>
   <datafield tag="653" ind2=" " ind1=" ">
      <subfield code="a">Enzymes</subfield>
   </datafield>
   <datafield tag="653" ind2=" " ind1=" ">
      <subfield code="a">Enzims</subfield>
   </datafield>
   <datafield ind2="0" ind1="0" tag="245">
      <subfield code="a">Covalent immobilization of horseradish peroxidase onto magnetic nanoparticles</subfield>
   </datafield>
</record></metadata></record></GetRecord></OAI-PMH>